|
|
|
|
| LEADER |
00000nas a2200000 a 4500 |
| 001 |
ssj0002457 |
| 003 |
WaSeSS |
| 005 |
20200512172242.0 |
| 006 |
m d |
| 007 |
cr n |
| 008 |
020703c19899999paubr pss 0 a0eng c |
| 010 |
|
|
|a 2002214462
|
| 015 |
|
|
|a GBB5H8621
|2 bnb
|
| 016 |
7 |
|
|a 015509658
|2 Uk
|
| 022 |
|
|
|a 1540-7322
|l 0895-2841
|y 0895-2841
|
| 030 |
|
|
|a JWAGE5
|
| 035 |
|
|
|a (WaSeSS)ssj0002457
|
| 037 |
|
|
|b The Haworth Press, 10 Alice St., Binghamton, NY 13901-1580
|
| 040 |
|
|
|a NSD
|b eng
|e pn
|c NSD
|d OCLCQ
|d OCL
|d OCLCQ
|d NSD
|d OCLCQ
|d AZN
|d OCLCS
|d OCLCQ
|d CFI
|d OCLCQ
|d VRC
|d UKMGB
|d OCLCQ
|d OCLCO
|d VT2
|d OCLCF
|d OCLCQ
|d NLE
|d AU@
|d AUD
|d DLC
|d UKBTH
|d OCLCO
|d OCLCA
|d WaSeSS
|
| 042 |
|
|
|a nsdp
|a pcc
|
| 043 |
|
|
|a n-us---
|
| 050 |
0 |
0 |
|a HV1457
|
| 060 |
0 |
0 |
|a W1
|b JO972H
|
| 082 |
1 |
0 |
|a 155
|2 13
|
| 130 |
0 |
|
|a Journal of women & aging (Online)
|
| 222 |
|
0 |
|a Journal of women & aging
|b (Online)
|
| 245 |
1 |
0 |
|a Journal of women & aging
|h [electronic resource].
|
| 246 |
3 |
|
|a Journal of women and aging
|
| 260 |
|
|
|a Binghamton, N.Y. :
|b Haworth Press
|
| 260 |
3 |
|
|3 2009- :
|a [Philadelphia, PA] :
|b Taylor & Francis
|
| 310 |
|
|
|a 6 issues per year,
|b 2016-
|
| 321 |
|
|
|a Quarterly,
|b -2015
|
| 362 |
1 |
|
|a Print began with vol. 1, no. 1/2/3, published in 1989.
|
| 506 |
|
|
|a License restrictions may limit access.
|
| 515 |
|
|
|a Some nos. combined.
|
| 538 |
|
|
|a Mode of access: World Wide Web.
|
| 588 |
|
|
|a Description based on: Vol. 14, no. 1/2 (2002); title from journal information screen (FirstSearch, viewed Mar. 18, 2004).
|
| 588 |
|
|
|a Latest issue consulted: Vol. 31, no. 2 (2019) (Taylor & Francis website, viewed May 3, 2019).
|
| 650 |
|
0 |
|a Social work with older people
|z United States
|v Periodicals.
|
| 650 |
|
0 |
|a Social work with women
|z United States
|v Periodicals.
|
| 650 |
|
0 |
|a Older women
|z United States
|v Periodicals.
|
| 650 |
|
2 |
|a Aging.
|
| 650 |
|
2 |
|a Women.
|
| 650 |
|
2 |
|a Women's Health Services.
|
| 650 |
|
7 |
|a Older women.
|2 fast
|0 (OCoLC)fst01199159
|
| 650 |
|
7 |
|a Social work with older people.
|2 fast
|0 (OCoLC)fst01199449
|
| 650 |
|
7 |
|a Social work with women.
|2 fast
|0 (OCoLC)fst01123561
|
| 651 |
|
7 |
|a United States.
|2 fast
|0 (OCoLC)fst01204155
|
| 655 |
|
0 |
|a Electronic journals.
|
| 776 |
1 |
|
|t Journal of women & aging
|x 0895-2841
|w (DLC) 89656519
|w (OCoLC)16546320
|
| 850 |
|
|
|a DLC
|
| 856 |
4 |
0 |
|z Full text available from Research Library: 03/01/1995 to 12/31/1998
|u https://search.proquest.com/publication/44954
|